Römische Götter - Statistiken

Allgemein
  • Dieses Quiz wurde 69 mal gespielt
    55 seit der letzten Aktualisierung
  • Das Durchschnittsergebnis liegt bei 10 aus 16
Antwortstatistiken
Bildquiz Hint Antwort % Korrekt
König der Götter / Gott des Himmels und Donners Jupiter
95%
Gott des Krieges und des Gedeihens der Vegetation Mars
91%
Gott der Fließgewässer und des Meeres Neptun
86%
Göttin der Liebe, des erotischen Verlangens, der Schönheit, der Fruchtbarkeit und des Sieges Venus
86%
Königin der Götter / Göttin der Fürsorge, Ehe und Geburt / Beschützerin des Staates Juno
77%
Göttin der Jagd, des Mondes und der Geburt / Beschützerin der Frauen und Mädchen Diana
68%
Göttin des Mondes Luna
68%
Gott der Zeit, der periodischen Erneuerung, der Generationen, der Auflösung, des Reichtums, des Überflusses. der Befreiung und der Aussaat Saturn
68%
Gott der Grenzen, der Kommunikation, der Divination, der Gewandtheit, des finanziellen Gewinns, der Sprachen, des Glücks / Beschützer der Händler und Diebe Mercurius
66%
Gott der Toten und der Unterwelt Pluton
66%
Gott der Heilung, der Krankheiten, des Bogenschießens, des Lichts, des Frühlings, der sittlichen Reinheit, der Mäßigung, der Wahrheit, der Weissagung, der Künste, Der Musik und der Dichtung Apollo
61%
Gott des Anfangs, des Endes, der Türen und Tore, der Übergänge, der Zeit, der Wege und der Rahmen Janus
52%
Göttin der Weisheit, des Rechts, der Gerechtigkeit, des Sieges, der taktischen Kriegsführung, der Kunst und des Schiffbaus / Beschützerin der Handwerker, des Gewerbes, der Dichter und Lehrer Minerva
52%
Göttin von Heim, Herd und Familie / Hüterin des Herdfeuers Vesta
39%
Göttin der Blumen, Blüten und des Frühlings Flora
32%
Göttin des Ackerbaus, des Getreides, der Fruchtbarkeit und der Gesetzgebung / Beschützerin der Mütter Ceres
30%
Keine übereinstimmenden Quizze gefunden
Verteilung der Resultate
Anzahl Personen mit jedem Resultat
Perzentil nach korrekt beantworteten Fragen
Ihre Resultats-Entwicklung
Sie haben dieses Quiz seit der letzten Aktualisierung nicht gespielt